One Direction - Change My Mind - All lyrics - Statistics

General Stats
  • This quiz has been taken 26 times
  • The average score is 214 of 236
Answer Stats
Answer % Correct
baby,
100%
change
100%
don't
100%
go,
100%
go
100%
I
100%
I'll
100%
mind
100%
my
100%
when
100%
are
94%
But
94%
But,
94%
but
94%
for
94%
friends
94%
if
94%
me
94%
more?
94%
night,
94%
night
94%
or
94%
say
94%
stay,
94%
stay
94%
The
94%
the
94%
to
94%
wanna
94%
want
94%
we
94%
you
94%
As
88%
away
88%
be
88%
before,
88%
door,
88%
end
88%
goodbye
88%
I'm
88%
like
88%
mine
88%
Never
88%
no
88%
not
88%
of
88%
sure
88%
this
88%
walkin'
88%
you'll
88%
carry
81%
felt
81%
gone
81%
on
81%
on,
81%
walking
81%
Cause
75%
everyone's
75%
know
75%
should
75%
So,
75%
towards
75%
dance
69%
music
69%
take
69%
There's
69%
Won't
69%
won't
69%
in
63%
laugh,
63%
photographs
63%
while
56%
along
50%
Lean
44%
No matching quizzes found
Score Distribution
Percent of People with Each Score
Percentile by Number Answered
Your Score History
You have not taken this quiz